Syntaxe de la phrase complexe a subordonnee temporelle : etude descriptive, Joseph Chetrit.

Gespeichert in:
Bibliographische Detailangaben
1. Verfasser: Chetrit, Joseph
Format: Buch
Sprache:French
Veröffentlicht: Paris : Klincksieck, 1976.
Schriftenreihe:Bibliothèque française et romane. Manuels et études linguistiques ; 36
Schlagworte:
LEADER 00910nam a22002171 4500
001 c000202761
003 CARM
005 20021125002000.0
008 851113s1976 fr 00000 fre d
019 1 |a 1300316  |z 4128252  |5 LACONCORD2021 
035 |a (OCoLC)3134885  |5 LACONCORD2021 
100 1 |a Chetrit, Joseph. 
245 1 0 |a Syntaxe de la phrase complexe a subordonnee temporelle :  |b etude descriptive, Joseph Chetrit. 
260 |a Paris :  |b Klincksieck,  |c 1976. 
440 0 |a Bibliothèque française et romane.  |n Série A,  |p Manuels et études linguistiques ;  |v 36 
650 0 |a French language  |x Subordinate construction. 
650 0 |a French language  |x Clauses. 
852 8 |b CARM  |h A2:AK24G0  |i C08104  |p 0292059  |f BK 
082 0 4 |a 445 
999 f f |i 81567d7b-8573-57f6-9958-56547f954020  |s d47a95bd-577c-5449-acf4-fd6932e009d2 
952 f f |p Can circulate  |a CAVAL  |b CAVAL  |c CAVAL  |d CARM 1 Store  |e C08104  |f A2:AK24G0  |h Other scheme  |i book  |m 0292059